In the radiance of the sage the life and times of H. I. D Awolowo
Saved in:
| Main Author: | |
|---|---|
| Format: | Book |
| Language: | English |
| Published: |
African Newspapers of Nigeria,
2015
|
| Tags: |
Add Tag
No Tags, Be the first to tag this record!
|
MARC
| LEADER | 00000nam a22000007a 4500 | ||
|---|---|---|---|
| 008 | 201215b ||||| |||| 00| 0 eng d | ||
| 020 | |a ISBN: 978-978-950-605-7 | ||
| 100 | |a ADEBANWI, Wale | ||
| 245 | |a In the radiance of the sage |b the life and times of H. I. D Awolowo |c Wale Adebanwi |g xxvi; 311p.; ill. | ||
| 260 | |b African Newspapers of Nigeria, |c 2015 |h [Ibadan]: |i 684294 |l DT515.83 .Aw6Ad3 | ||
| 942 | |a lcc |c BK |e Olagoke,M A |f 15/12/2020 | ||
| 952 | |0 0 |1 0 |2 lcc |4 0 |6 DT051583 .AW00006AD00003 |7 0 |9 521 |a HOL |b HOL |c GJ |d 2020-12-15 |l 0 |o DT515.83 .Aw6Ad3 |p 2020-2247 |r 2020-12-15 00:00:00 |w 2020-12-15 |y BK | ||
| 999 | |c 278 |d 278 | ||